<?xml version="1.0" encoding="UTF-8"?><?xml-stylesheet type="text/xsl" href="static/style.xsl"?><OAI-PMH xmlns="http://www.openarchives.org/OAI/2.0/" xmlns:xsi="http://www.w3.org/2001/XMLSchema-instance" xsi:schemaLocation="http://www.openarchives.org/OAI/2.0/ http://www.openarchives.org/OAI/2.0/OAI-PMH.xsd"><responseDate>2026-04-26T20:18:14Z</responseDate><request verb="GetRecord" identifier="oai:uvadoc.uva.es:10324/2018" metadataPrefix="marc">https://uvadoc.uva.es/oai/request</request><GetRecord><record><header><identifier>oai:uvadoc.uva.es:10324/2018</identifier><datestamp>2021-06-18T14:54:15Z</datestamp><setSpec>com_10324_38</setSpec><setSpec>col_10324_785</setSpec></header><metadata><record xmlns="http://www.loc.gov/MARC21/slim" xmlns:doc="http://www.lyncode.com/xoai" xmlns:xsi="http://www.w3.org/2001/XMLSchema-instance" xmlns:dcterms="http://purl.org/dc/terms/" xsi:schemaLocation="http://www.loc.gov/MARC21/slim http://www.loc.gov/standards/marcxml/schema/MARC21slim.xsd">
<leader>00925njm 22002777a 4500</leader>
<datafield tag="042" ind1=" " ind2=" ">
<subfield code="a">dc</subfield>
</datafield>
<datafield tag="720" ind1=" " ind2=" ">
<subfield code="a">Pérez Antolín, Daniel</subfield>
<subfield code="e">author</subfield>
</datafield>
<datafield tag="260" ind1=" " ind2=" ">
<subfield code="c">2012</subfield>
</datafield>
<datafield tag="520" ind1=" " ind2=" ">
<subfield code="a">En la producción de etanol celulósico, es esencial, en la etapa de fermentación que los&#xd;
microorganismos tengan a su disposición azúcares simples. Esto requiere dos pasos&#xd;
preliminares para promover la "desconstrucción" de la madera en estos monómeros. .&#xd;
En el primer paso el material de madera celulósica se somete a pre-tratamientos químicos&#xd;
que están destinados a romper la estructura y así facilitar à las enzimas hidrolíticas la acción&#xd;
de conversión de celulosa y hemicelulosa en pentosas y hexosas.&#xd;
En este trabajo se pretende evaluar el efecto de la adición de compuestos tensioactivos en el&#xd;
aumento de la conversión enzimática del material pretratado.&#xd;
Así, se testara la adición de polietilenoglicol 4000 (PEG4000), polisorbato 20 (Tween 20) y&#xd;
albúmina de suero bovino (BSA) para aumentar la eficiencia de la hidrólisis enzimática&#xd;
Cada uno de estos compuestos será testado en dos tipos de pre-tratado, lo primero como&#xd;
resultado de un pre-tratamiento ácido H2SO4 - 4,09% (w / w), 156 ° C, 102min, el segundo de&#xd;
un pre-tratamiento alcalino con NaOH - 10% (w / v), 156 ° C, 102min.&#xd;
Al final vamos a analizar cuáles de los compuestos conduce a un mayor incremento y se este&#xd;
efecto se siente de la misma manera en lo pre-tratado ácido e alcalino.&#xd;
La biomasa utilizada - residuos de la poda del olivar, con un tamaño de partícula inferior a&#xd;
0,5 mm.</subfield>
</datafield>
<datafield tag="024" ind2=" " ind1="8">
<subfield code="a">http://uvadoc.uva.es/handle/10324/2018</subfield>
</datafield>
<datafield ind1=" " ind2=" " tag="653">
<subfield code="a">Bioetanol</subfield>
</datafield>
<datafield ind1=" " ind2=" " tag="653">
<subfield code="a">Hidrólisis</subfield>
</datafield>
<datafield tag="245" ind1="0" ind2="0">
<subfield code="a">Estudio del efecto de compuestos tensioactivos en el aumento de hidrolisis enzimática de biomasa pretratada</subfield>
</datafield>
</record></metadata></record></GetRecord></OAI-PMH>